Countries by Rotated Shapes - Statistics

General Stats
  • This quiz has been taken 37 times
  • The average score is 14 of 16
Answer Stats
Picture Answer % Correct
Australia
97%
Chile
97%
Somalia
97%
China
95%
Egypt
95%
Israel
95%
United States of America
95%
United Kingdom
92%
Canada
89%
India
89%
South Africa
89%
Russia
86%
Bangladesh
84%
Democratic Republic of the Congo
84%
Brazil
78%
Iran
78%
No matching quizzes found
Score Distribution
Percent of People with Each Score
Percentile by Number Answered
Your Score History
You have not taken this quiz